University Home | Library Home | Institutional Repository

Sexual issues in social work/ lcSteve Myers and Judith Milner. (Record no. 921)

MARC details
000 -LEADER
fixed length control field 00554cam a2200169 4500
008 - FIXED-LENGTH DATA ELEMENTS--GENERAL INFORMATION
fixed length control field 190430n 000 0 eng u
020 ## - INTERNATIONAL STANDARD BOOK NUMBER
International Standard Book Number 9781861347121
035 ## - SYSTEM CONTROL NUMBER
System control number (Sirsi) a210973
050 ## - LIBRARY OF CONGRESS CALL NUMBER
Classification number HV 42.5 MYE 2007
100 ## - MAIN ENTRY--PERSONAL NAME
Personal name Myers, Steve.
245 ## - TITLE STATEMENT
Title Sexual issues in social work/ lcSteve Myers and Judith Milner.
260 ## - PUBLICATION, DISTRIBUTION, ETC.
Place of publication, distribution, etc. Bristol: lbPolicy, lc2007.
300 ## - PHYSICAL DESCRIPTION
Extent vi, 194pages.: lbillustrations.; 24cm.
504 ## - BIBLIOGRAPHY, ETC. NOTE
Bibliography, etc. note Includes bibliographical references(p. 171-187) and index.
650 ## - SUBJECT ADDED ENTRY--TOPICAL TERM
Topical term or geographic name entry element Social services and sex.
700 ## - ADDED ENTRY--PERSONAL NAME
Personal name Judith, Milner.
Holdings
Withdrawn status Lost status Source of classification or shelving scheme Damaged status Not for loan Home library Current library Shelving location Total Checkouts Full call number Barcode Date last seen Copy number Price effective from Koha item type
    Library of Congress Classification     Kitwe Library Kitwe Library On Shelf   HV 42.5 MYE 2007 33729005055327 08/09/2019 1 08/09/2019 Book
© 2026 - The University of Zambia Library - Koha v25.11